000 00481nam a22001817a 4500
999 _c157878
_d157878
005 20181006161541.0
010 _aENG-124199
020 _a9789386050755
_c699.00
035 _aEN-107731
037 _bDABD/PUB
082 _aN
100 _aSaraf, Sujit
245 _aHarilal & sons /
_cby Sujit Saraf
260 _aNew Delhi
_bSpeaking Tiger
_c2016
270 _a4381/4 Ansari Road, Daryaganj,
_bNew Delhi
_e10002
300 _a516p.
_c22cm(pbk)
942 _2ddc
_cEN
_mSAR
_hN